00932cam a22002291 4500001001300000003000400013005001700017008004100034010001700075035001900092040001900111042001200130050001600142100002600158245022100184260002700405300001000432490009300442490002900535650003900564810009900603agr41000052 DLC20260227110959.0800319s1940 nyu 000 0 eng  aagr41000052  a(OCoLC)6106941 aDLCcTxCMdDLC apremarc00aSD555b.S251 aSammi, John Cogswell.10aVolume by moment;bpresenting a new method for obtaining the volume of trees, primarily applicable to volume table construction, and also a new method for obtaining the equation of a tree profile.cBy John C. Sammi. aSyracuse, N.Y.,c1940. a18 p.1 aNew York State College of Forestry at Syracuse University. Technical publicationvno. 520 aBulletin, v. 13, no. 3-b 0aForests and forestryxMeasurement.2 aState University College of Forestry at Syracuse University.tTechnical publication ;vno. 52.